000
00323nam a22001337a 4500
008
170620b xxu||||| |||| 00| 0 eng d
020
_a
0312634099
041
_a
eng
080
_a
323
100
_a
20
101
_a
SJP
245
_a
POWER CAPITALIST SOCIETY THEOTY EXPLANATIONS AND CASE
_c
COX.A
942
_2
udc
_c
BK
999
_c
18295
_d
18295